Cẩm nang thầy thuốc gia đình làm thế nào để giảm Cholesterol? : 50 phương pháp giúp bạn tự mình chủ động làm giảm lượng cholesterol trong máu

সংরক্ষণ করুন:
গ্রন্থ-পঞ্জীর বিবরন
প্রধান লেখক: McGowan, Mary P.
বিন্যাস: গ্রন্থ
ভাষা:Undetermined
প্রকাশিত: Tp. Hồ Chí Minh Tổng Hợp Tp. Hồ Chí Minh 2005
বিষয়গুলি:
ট্যাগগুলো: ট্যাগ যুক্ত করুন
কোনো ট্যাগ নেই, প্রথমজন হিসাবে ট্যাগ করুন!
Thư viện lưu trữ: Trung tâm Học liệu Trường Đại học Cần Thơ
LEADER 00762nam a2200205Ia 4500
001 CTU_87528
008 210402s9999 xx 000 0 und d
020 |c 23000 
082 |a 613.284 
082 |b M617 
100 |a McGowan, Mary P. 
245 0 |a Cẩm nang thầy thuốc gia đình làm thế nào để giảm Cholesterol? : 
245 0 |b 50 phương pháp giúp bạn tự mình chủ động làm giảm lượng cholesterol trong máu 
245 0 |c Mary P. McGowan, McGowan Chopra 
260 |a Tp. Hồ Chí Minh 
260 |b Tổng Hợp Tp. Hồ Chí Minh 
260 |c 2005 
650 |a Blood cholesterol,Health education 
904 |i Tuyến 
980 |a Trung tâm Học liệu Trường Đại học Cần Thơ